000 00407nam a2200109Ia 4500
008 160531s9999 xx 000 0 und d
100 _aOssowski, Paul J.
245 _aHow to Stop the World - How Over-Regulation, Over-Taxation and Crony Capitalism are Preventing the Growth of the American Economy
245 _cBy Paul J. Ossowski
260 _c2015
856 _uhttp://www.smashwords.com/books/view/593289
999 _c295025
_d295025